| 000 | 00402nam a2200157Ia 4500 | ||
|---|---|---|---|
| 008 | 120925t1987 xxu||||| |||| 00| 0 sin d | ||
| 041 | _asin | ||
| 080 |
_a8 S (3 - 053. 2) (18) (Yo _bth) |
||
| 245 | _aගේක අගේ | ||
| 246 | _aGeka Age | ||
| 260 |
_aSri Sudharmaramaya _aMatara _c1987 |
||
| 300 | _b13p, ill, 21 cm | ||
| 942 | _cBK | ||
| 999 |
_c42872 _d42872 |
||
| 003 | LK-CoDNM | ||
| 040 |
_aLK-CoDNM _dLK-CoDNM _eLK-CoDNM |
||